000 00466nab a2200145Ia 4500
003 ES-SlBCS
005 20210601125305.0
008 140529s2000 xxu||||| |||| 00| 0 eng d
041 _aeng
100 1 _aBloomfield, Paul
_9133132
245 0 0 _aVirtue Epistemology and the Epistemology of Virtue
_c Paul Bloomfield
650 0 4 _aEpistemología-Virtud
_9133097
773 0 _tPhilosophy and Phenomenological Research
_gvol. 60, 2000, págs. 23-44
_wRev1411
942 _cAR
999 _c527904
_d527904